Pokémon Trivia by Letter - B - Statistics

General Stats
  • This quiz has been taken 55 times
  • The average score is 10 of 20
Answer Stats
Hint Answer % Correct
Uses his trusty frying pan as a drying pan Brock
93%
Web encyclopaedia about Pokémon launched in February 2005 Bulbapedia
83%
Style of move boosted by Strong Jaw Biting
80%
Johto's second Gym Leader Bugsy
80%
Amoonguss's Paradox ancestor Brute Bonnet
75%
Mascot of Galar's Pokémon League Ball Guy
58%
European city that hosted Pokémon Go Fest in July 2022 Berlin
55%
Professor married to Kukui Burnet
55%
Flying-type move that can cause paralysis Bounce
53%
Protects the Pokémon from ball and bomb moves Bulletproof
53%
Ability common among Flying-types that stops lowering of Defense Big Pecks
48%
Has the signature ability Dazzling Bruxish
45%
Town at the end of the Glimwood Tangle Ballonlea
40%
Pokédex number 69 Bellsprout
40%
Thrown to calm frenzied Noble Pokémon in Legends: Arceus Balms
33%
Byron loves it Bastiodon
30%
Only single-type Pokémon to evolve from a dual-type Pokémon Bellossom
28%
Weakens a super-effective Steel-type attack when held Babiri Berry
25%
Actor who played Howard, the villain of Detective Pikachu (2019) Bill Nighy
10%
Leader of Team Dim Sun Blake Hall
5%
No matching quizzes found
Score Distribution
Percent of People with Each Score
Percentile by Number Answered
Your Score History
You have not taken this quiz